000 00253nam a2200109Ia 4500
008 190216s9999||||xx |||||||||||||| ||und||
100 _aAgrawal A N
245 0 _aNature Of Management
260 _bAllied Publishers Limited
300 _a224p
942 _cBK
999 _c4097
_d4097